000 00350nam a2200133Ia 4500
008 240624s9999 xx 000 0 und d
041 _aeng
082 _a346.066 PIL
100 _aPILLAI R S N
245 _aLEGAL ASPECTS OF BUSINESS MERCANTILE LAW
260 _c2011
_aNew Delhi
_bS. Chand
300 _axx, : 1057 : p. : cm. ; 24
365 _cRS
_b20
999 _c17075
_d17075